1184 1672 1342 1898 1486 1229 1926 1614 1758 1718 1494 1434 1450 1970 1531 1415 1834 1463 1673 1858 1061 1555 1160 1198 1641 1773 1367 1537 1267 1026 1881 1514 1528 1891 1337 1359 1836 1385 1083 1915 1499 1860 1895 1684 1904 1960 1150 1498 1450 1879 1136 1185 1151 1969 1154 1960 1571 1520 1215 1627 1913 1903 1060 1742 1788 1298 1858 1897 1054 1244 1748 1863 1023 1783 1585 1358 1998 1562 1661 1569 1924 1373 1351 1790 1134 1616 1238 1199 1861 1500 1393 1944 1118 1449 1810 1228 1886 1514 1872 BCNSPRNW ULIB Ver.6.0+V

เปลี่ยนเป็นภาษาไทย

Change to English
 แสดงรายละเอียดบรรณานุกรม
  กลับหน้าหลัก

Brief Record : Get Marc (ISO 2709) : E-mail record : QR code < ปิดหน้าต่าง
LEADER : 00000nam 2200000uu 4500
001    13399111216
003     ULIB
008    110620s||||||||th 000 0 tha d
020    9742729875
050 04 BF637.58^bพ45พ 2548
100 0  พระเทพโสภณ (ประยูร ธมฺมจิตโต),^d2498-
245 10 พลังกรรมและการเกิดใหม่ /^cพระเทพโสภณ (ประยูร ธมฺมจิตโต)
250    พิมพ์ครั้งที่ 1
260    กรุงเทพฯ :^bอมรินทร์,^c2548
300    133 หน้า ;^c17 ซม
650  7 กรรม
650  7 การเกิดใหม่
650  7 ธรรมะ
650  7 พุทธศาสนากับสังคม
945    ^p100^l0^i017841
995    ทศพร
999 ^a ใช้งานได้ทุกระบบ
รายการนี้ยังไม่มีแท็ก
คุณยังไม่ได้ล็อกอิน คุณสามารถมีกิจกรรมร่วมกับเว็บไซต์ได้ แต่ต้องล็อกอินก่อน ::
  ล็อกอิน

รายการสื่อสารสนเทศ

ลำดับที่ ประเภท เลขเรียก/บาร์โค้ด สถานที่ สถานะ
- ไม่พบข้อมูล -

รายการใกล้เคียง
    หัวเรื่อง [กรรม]
    หัวเรื่อง [ธรรมะ]
    หัวเรื่อง [พุทธศาสนากับสังคม]

BibComment


ยังไม่เคยถูกคอมเมนท์

คอมเมนท์ทรัพยากรรายการนี้
  คอมเมนท์: พลังกรรมและการเกิ..


 Copyright 2026. Bcnsprnw @Library